| 000 | 00559nam a2200169 a 4500 | ||
|---|---|---|---|
| 001 | 000047741 | ||
| 005 | 20201002060717.0 | ||
| 008 | 090701s2012 dr c 000 0 spa d | ||
| 020 | _a9789945880410 | ||
| 040 | _aDO-SdBNP | ||
| 082 |
_axxxx _bP762f |
||
| 100 | 1 |
_aPolanco Sánchez, Francisco _975346 |
|
| 245 | 1 | 0 |
_aFrancisco Polanco Sánchez un educador de este tiempo / _cFrancisco Polanco Sánchez Argénida Romero. |
| 260 |
_aSanto Domingo : _bServicis graficos Tito, _c2012. |
||
| 300 |
_a351 p. ; : _bretrs. ; _c22 cm. |
||
| 590 | _aInventariado, 2018/ YL | ||
| 999 |
_c47229 _d47229 |
||